SDG6 clean water and sanitation : balancing the water cycle for sustainable life on earth

Bridging academic discussion and real-world case studies, this book considers the challenge, posed by SDG6, of balancing the provision of the basic human right of access to water whilst not eroding our capacity to live sustainably in a rapidly changing world.

Saved in:
Bibliographic Details
Main Authors Kremere, Eva (Author), Morgan, Edward (Author), Obani, Pedi (Author)
Format Electronic eBook
LanguageEnglish
Published Bingley, U.K. : Emerald Publishing Limited, 2019.
SeriesConcise guides to the United Nations Sustainable Development Goals.
Subjects
Online AccessFull text
ISBN9781789731033
9781789731057
DOI10.1108/9781789731033
Physical Description1 online resource (xii, 161 pages) ; cm.

Cover

LEADER 00000nam a2200000Ii 4500
001 em-9781789731033
003 UtOrBLW
005 20191115113055.0
006 m o d
007 cr |||||||||||
008 191115t20192020enk ob 001 0 eng d
020 |a 9781789731033 
020 |a 9781789731057 
040 |a UtOrBLW  |b eng  |e rda  |c UtOrBLW 
080 |a 613.2 
082 0 4 |a 613.287  |2 23 
100 1 |a Kremere, Eva,  |e author. 
245 1 0 |a SDG6 clean water and sanitation :  |b balancing the water cycle for sustainable life on earth /  |c Eva Kremere (University of Latvia, Latvia), Edward Morgan (Griffith University, Australia), and Pedi Obani (Institute for Natural Resources in Africa, United Nations University, Africa). 
264 1 |a Bingley, U.K. :  |b Emerald Publishing Limited,  |c 2019. 
264 4 |c ©2020 
300 |a 1 online resource (xii, 161 pages) ;  |c cm. 
336 |a text  |b txt  |2 rdacontent 
337 |a computer  |b c  |2 rdamedia 
338 |a online resource  |b cr  |2 rdacarrier 
490 1 |a Concise guides to the United Nations Sustainable Development Goals 
504 |a Includes bibliographical references and index. 
506 |a Plný text je dostupný pouze z IP adres počítačů Univerzity Tomáše Bati ve Zlíně nebo vzdáleným přístupem pro zaměstnance a studenty 
520 |a Bridging academic discussion and real-world case studies, this book considers the challenge, posed by SDG6, of balancing the provision of the basic human right of access to water whilst not eroding our capacity to live sustainably in a rapidly changing world. 
588 0 |a Print version record. 
650 0 |a Water-supply  |x Health aspects. 
650 0 |a Drinking water  |x Health aspects. 
650 0 |a Water cycles. 
650 7 |a Health & Fitness  |x Health Care Issues.  |2 bisacsh 
650 7 |a Water purification & desalinization.  |2 bicssc 
655 7 |a elektronické knihy  |7 fd186907  |2 czenas 
655 9 |a electronic books  |2 eczenas 
700 1 |a Morgan, Edward,  |e author. 
700 1 |a Obani, Pedi,  |e author. 
776 |z 9781789731064 
830 0 |a Concise guides to the United Nations Sustainable Development Goals. 
856 4 0 |u https://proxy.k.utb.cz/login?url=https://doi.org/10.1108/9781789731033